Normal view
MARC view
- Drugs
Entry Topical Term
001 - CONTROL NUMBER
- control field: 122066
003 - CONTROL NUMBER IDENTIFIER
- control field: NUST
005 - DATE AND TIME OF LATEST TRANSACTION
- control field: 20240311111853.0
008 - FIXED-LENGTH DATA ELEMENTS
- fixed length control field: 240311|| aca||aabn | a|a d
040 ## - CATALOGING SOURCE
- Original cataloging agency: NUST
- Transcribing agency: NUST
150 ## - HEADING--TOPICAL TERM
- Topical term or geographic name entry element: Drugs
- General subdivision: Structure-activity relationships
- General subdivision: Congresses
670 ## - SOURCE DATA FOUND
- Source citation: Work cat.: (NUST)23392: Structure-based drug design :, c1998.
